แสดงรายละเอียดบรรณานุกรม
  กลับหน้าหลัก

Brief Record : Get Marc (ISO 2709) : E-mail record : QR code ปิดหน้าต่าง
E-books : เกี่ยวกับ Collections
LEADER 00000nam 2200000uu 4500
008    121001s2009||||th 000 0 eng d
040    ^abcnkk
041 0  ^aeng
090    ^aVCD000273
100 0  ^aNix, Staci.
245 00 ^aWilliams Basic nutrition&diet therapy.[VCD]/^bStaci Nix.
260    ^aSt.Louis:^bMosby Elsevier,^c2009.
500    ^aCD-ROM
650  0 ^aDiet therapy.
650  0 ^aNutritional requirements.
650  0 ^aFood habits
650  0 ^aNutrition.
999    ^aใช้งานได้ทุกระบบ
รายการนี้ยังไม่มีแท็ก
คุณยังไม่ได้ล็อกอิน คุณสามารถมีกิจกรรมร่วมกับเว็บไซต์ได้ แต่ต้องล็อกอินก่อน ::
  ล็อกอิน
ลำดับที่ ประเภท เลขเรียก สถานที่ สถานะ
1. สื่อวีดิทัศน์
สื่อวีดิทัศน์
VCD000273 2009  
  
ชั้นวีซีดี On Shelf
  ขอยืม
   [แสดง 1/1 รายการ]

รายการใกล้เคียง
    หัวเรื่อง [Food habits]
    หัวเรื่อง [Nutrition.]

BibComment


ยังไม่เคยถูกคอมเมนท์

คอมเมนท์ทรัพยากรรายการนี้
  คอมเมนท์: Williams Basic n..
Bib 208233

 
 
 

 Union Library Management : ULibM
Copyright 2026. All Rights Reserved.
скачать бесплатно без регистрации порно красивый секс HD Sex Hindi sex

xxx gou

xxxx

bfxxx

xxxwww

Секса Видео

xxxx

Секса Видео

detube

geilexxx

C99 Shell

worms shell

blod xxx video
Ebony Coed Rihanna Rimes Takes A Dick In Her Young Twat priyaa indian fuck anal and pusssy hardcore indian women xxx desi hardcore fucking part 1 bengalixxxcouple